Europakarte - Puzzlespiel - Statistiken

Allgemein
  • Dieses Quiz wurde 62.629 mal gespielt
  • Das Durchschnittsergebnis liegt bei 14 aus 69
Antworten auf der Karte
Die Antworten werden auf der Karte rot bzw. grün angezeigt, abhängig davon wie oft sie richtig erraten wurden.
 
Antwortstatistiken
Antwort % Korrekt
64%
55%
41%
38%
36%
36%
35%
31%
31%
30%
30%
28%
27%
25%
25%
25%
25%
25%
24%
23%
23%
22%
22%
22%
22%
21%
20%
20%
19%
19%
18%
18%
17%
17%
17%
17%
17%
17%
17%
17%
16%
16%
16%
15%
15%
14%
14%
14%
14%
14%
14%
13%
13%
13%
13%
12%
12%
12%
11%
11%
11%
11%
11%
10%
10%
10%
10%
10%
9%
Keine übereinstimmenden Quizze gefunden
Verteilung der Resultate
Anzahl Personen mit jedem Resultat
Perzentil nach korrekt beantworteten Fragen
Ihre Resultats-Entwicklung
Sie haben dieses Quiz noch nicht gespielt